| 000 | 00381nam a2200145Ia 4500 | ||
|---|---|---|---|
| 008 | 230917s9999||||xx |||||||||||||| ||und|| | ||
| 040 |
_e142243 _aMAIN |
||
| 041 | _aEnglish | ||
| 082 | _a34:364 T214C | ||
| 100 | _aTaylor, Ian, ed | ||
| 245 | 0 | _aCritical criminology: contributory essays | |
| 260 |
_aLondon _bRoutledge & Kegan Paul _c1975 |
||
| 300 | _axi, 268 p. | ||
| 942 | _cBK | ||
| 999 |
_c197452 _d197452 |
||